00309nam a2200121Ia 4500008004100000041000800041082001200049100001600061245003200077260003600109300003100145365001100176240624s9999 xx 000 0 und d aeng a920 SET aSETH LETINA aON BALANCE AN AUTOBIOGRAPHY c2003aNew DelhibPenguin Viking axiv, : 474 : p. : cm. ; 22 cRSb20